Ретроспективная индивидуальная дозиметрия в населенном пункте с высоким радиоактивным загрязнением; Атомная энергия; Т. 95, вып. 1

Bibliografiset tiedot
Parent link:Атомная энергия: теоретический и научно-технический журнал/ Российская академия наук ; Министерство РФ по атомной энергии, ядерного общества.— , 1956-.— 0004-7163
Т. 95, вып. 1.— 2003.— с. 60-67
Muut tekijät: Степаненко В. Ф., Орлов М. Ю., Петин Д. В., Тикунов Д. Д., Борышева Н. Б., Иванников А. И., Скворцов В. Г., Яськова Е. К., Колыженков Т. В., Крюкова И. Г., Московко Л. И., Цыб А. Ф., Прошин А. Б., Ривкинд Н. Б.
Kieli:venäjä
Julkaistu: 2003
Sarja:Статьи
Aiheet:
Aineistotyyppi: Kirjan osa
KOHA link:https://koha.lib.tpu.ru/cgi-bin/koha/opac-detail.pl?biblionumber=425945

MARC

LEADER 00000naa2a2200000 4500
001 425945
005 20231101074458.0
035 |a (RuTPU)RU\TPU\prd\84616 
035 |a RU\TPU\prd\19493 
090 |a 425945 
100 |a 20100625a2003 k y0rusy50 ca 
101 0 |a rus 
102 |a RU 
200 1 |a Ретроспективная индивидуальная дозиметрия в населенном пункте с высоким радиоактивным загрязнением  |f В. Ф. Степаненко, М. Ю. Орлов, Д. В. Петин и др. 
225 1 |a Статьи 
320 |a Библиогр.: 15 назв. 
461 1 |0 (RuTPU)RU\TPU\prd\33  |x 0004-7163  |t Атомная энергия  |o теоретический и научно-технический журнал  |f Российская академия наук ; Министерство РФ по атомной энергии, ядерного общества  |d 1956- 
463 1 |0 (RuTPU)RU\TPU\prd\84603  |t Т. 95, вып. 1  |v с. 60-67  |d 2003 
610 1 |a радиоактивные загрязнения 
610 1 |a населенные пункты 
610 1 |a индивидуальная дозиметрия 
610 1 |a Брянская область 
610 1 |a питание 
610 1 |a потребление 
610 1 |a исследование 
610 1 |a продукты 
675 |a 539.12.08  |v 3 
701 1 |a Степаненко  |b В. Ф. 
701 1 |a Орлов  |b М. Ю. 
701 1 |a Петин  |b Д. В. 
701 1 |a Тикунов  |b Д. Д. 
701 1 |a Борышева  |b Н. Б. 
701 1 |a Иванников  |b А. И. 
701 1 |a Скворцов  |b В. Г. 
701 1 |a Яськова  |b Е. К. 
701 1 |a Колыженков  |b Т. В. 
701 1 |a Крюкова  |b И. Г. 
701 1 |a Московко  |b Л. И. 
701 1 |a Цыб  |b А. Ф. 
701 1 |a Прошин  |b А. Б. 
701 1 |a Ривкинд  |b Н. Б. 
801 1 |a RU  |b 63413507  |c 20031112  |g PSBO 
801 2 |a RU  |b 63413507  |c 20161003  |g RCR 
942 |c BK